Ярославский край в Первой мировой войне (Запись № 10763685)

Подробности
000 -МАРКЕР
контрольное поле 02568nam0a2200397 i 4500
001 - ИДЕНТИФИКАТОР ЗАПИСИ
контрольное поле RU\NLR\BIBL_A\010356251
005 - ИДЕНТИФИКАТОР ВЕРСИИ
контрольное поле 20260407091046.0
010 ## - МЕЖДУНАРОДНЫЙ СТАНДАРТНЫЙ НОМЕР КНИГИ (ISBN)
Номер (ISBN) 9785875559471
Тираж 1000
021 ## - НОМЕР ГОСУДАРСТВЕННОЙ РЕГИСТРАЦИИ
Код страны Российская Федерация
Номер 2014-17663
Номер Листа государственной регистраци 1112
035 ## - ДРУГИЕ СИСТЕМНЫЕ НОМЕРА
Идентификатор записи (NILC)RuMoRGB-006761127
035 ## - ДРУГИЕ СИСТЕМНЫЕ НОМЕРА
Идентификатор записи (NLR Aleph) 010356251
100 ## - ДАННЫЕ ОБЩЕЙ ОБРАБОТКИ
Данные общей обработки 20140514d2013 km y0rusy50 ca
101 0# - ЯЗЫК РЕСУРСА
Язык текста, звукозаписи и т.д. русский
102 ## - СТРАНА ПУБЛИКАЦИИ ИЛИ ПРОИЗВОДСТВА
Страна публикации Российская Федерация
105 ## - ПОЛЕ КОДИРОВАННЫХ ДАННЫХ: ТЕКСТОВЫЕ МАТЕРИАЛЫ, МОНОГРАФИЧЕСКИЕ
Кодированные данные о монографическом текстовом документе y|||z||||01iy
200 1# - ЗАГЛАВИЕ И СВЕДЕНИЯ ОБ ОТВЕТСТВЕННОСТИ
Основное заглавие Ярославский край в Первой мировой войне
Сведения, относящиеся к заглавию сборник статей для учителей истории школ города Ярославля [ по итогам Учебно-методического семинара
Первые сведения об ответственности редкол.: В. М. Марасанова, д. ист. н. (науч. ред.), Д. Е. Озерова, к. ист. н.]
210 ## - ПУБЛИКАЦИЯ, РАСПРОСТРАНЕНИЕ И ДР.
Место издания, распространения и т.д. Ярославль
Имя издателя, распространителя и т. д. Изд-во ЯГПУ
Дата издания, распространения и т.д. 2013
215 ## - ФИЗИЧЕСКАЯ ХАРАКТЕРИСТИКА
Специфическое обозначение материала и объем 89 с.
Размеры 21
300 ## - ОБЩИЕ ПРИМЕЧАНИЯ
Текст примечания В надзаг.: М-во образования и науки Рос. Федерации, ФГБОУ ВПО "Яросл. гос. пед. ун-т им. К. Д. Ушинского, МУК "Музей истории г. Ярославля", Деп. образования мэрии г. Ярославля
320 ## - ПРИМЕЧАНИЯ О НАЛИЧИИ В ДОКУМЕНТЕ БИБЛИОГРАФИИ / УКАЗАТЕЛЯ
Текст примечания Библиогр. в конце ст.
606 ## - НАИМЕНОВАНИЕ ТЕМЫ КАК ПРЕДМЕТ
Наименование темы Первая мировая война
Формальный подзаголовок Сборники
Тематический подзаголовок Изучение в школе
Хронологический подзаголовок 1914 - 1918
Системный номер авторитетной/нормативной записи 1716567
Идентификатор авторитетной/нормативной записи RU\NLR\AUTH\66765652
607 ## - ГЕОГРАФИЧЕСКОЕ НАИМЕНОВАНИЕ КАК ПРЕДМЕТ
Географическое наименование Ярославская губерния
Формальный подзаголовок Сборники
Тематический подзаголовок История
-- Изучение в школе
Хронологический подзаголовок 1914 - 1918
Системный номер авторитетной/нормативной записи 2221376
Идентификатор авторитетной/нормативной записи RU\NLR\AUTH\6601566987
675 ## - УНИВЕРСАЛЬНАЯ ДЕСЯТИЧНАЯ КЛАССИФИКАЦИЯ (UDC/УДК)
Индекс 908(470.316)(082)
686 1# - ИНДЕКСЫ ДРУГИХ КЛАССИФИКАЦИЙ
Индекс Ч426.35я43
686 1# - ИНДЕКСЫ ДРУГИХ КЛАССИФИКАЦИЙ
Индекс Ч426.32я43
702 #1 - ИМЯ ЛИЦА - ВТОРИЧНАЯ ОТВЕТСТВЕННОСТЬ
Код отношения Редактор
Графика поля Кириллица
Материалы, к которым относится поле rus
Начальный элемент ввода Марасанова
Часть имени, кроме начального элемента ввода В. М.
Расширение инициалов личного имени Виктория Михайловна
Системный номер авторитетной/нормативной записи 48997
Идентификатор авторитетной/нормативной записи RU\NLR\AUTH\7766068
711 12 - НАИМЕНОВАНИЕ ОРГАНИЗАЦИИ - АЛЬТЕРНАТИВНАЯ ОТВЕТСТВЕННОСТЬ
Начальный элемент ввода Учебно-методический семинар для учителей истории школ города Ярославля на тему "Ярославский край в Первой мировой войне"
Дата проведения временной организации 2013
Системный номер авторитетной/нормативной записи 402097
Идентификатор авторитетной/нормативной записи RU\NLR\AUTH\880367720
712 02 - НАИМЕНОВАНИЕ ОРГАНИЗАЦИИ - ВТОРИЧНАЯ ОТВЕТСТВЕННОСТЬ
Код отношения Прочие
Начальный элемент ввода Ярославский государственный педагогический университет им. К. Д. Ушинского
Системный номер авторитетной/нормативной записи 304213
Идентификатор авторитетной/нормативной записи RU\NLR\AUTH\8815514
801 #0 - ИСТОЧНИК ЗАПИСИ
Страна Российская Федерация
Организация RuMoRKP
Дата составления 20140311
Правила каталогизации RCR
801 #2 - ИСТОЧНИК ЗАПИСИ
Страна Российская Федерация
Организация РГБ
Дата составления 20140425
Правила каталогизации rcr
942 ## - ДОПОЛНИТЕЛЬНЫЕ ЭЛЕМЕНТЫ ЗАПИСИ (АБИС)
Тип экземпляра АБИС Книга
980 ## - КОЛЛЕКЦИЯ
Название коллекции НБР

Нет доступных экземпляров.